Swaps

Αποθηκεύτηκε σε:
Λεπτομέρειες βιβλιογραφικής εγγραφής
Κύριος συγγραφέας: DeCovny, Sherree
Μορφή: Βιβλίο
Γλώσσα:English
Δημοσίευση: London : Prentice Hall, 1998
Έκδοση:2nd ed.
Θέματα:
Ετικέτες: Προσθήκη ετικέτας
Δεν υπάρχουν, Καταχωρήστε ετικέτα πρώτοι!

MARC

LEADER 00000nam a2200000 i 4500
001 1/95230
008 991206s1998 eng d
020 |a 0-13-694258-X 
035 |l 10055215 
040 |a GR-MY-UA  |b gre  |e aacr 
041 0 |a eng 
082 0 |a 332.645 
100 1 |a DeCovny, Sherree. 
245 1 0 |a Swaps /  |c Sherree Decovny 
250 |a 2nd ed. 
260 |a London :   |b Prentice Hall,   |c 1998 
300 |a ix, 199 p. 
504 |a Includes index 
650 0 0 |a Swaps (Finance) 
852 |a INST  |b CHIOS  |e 19991206  |h 332.645 DEC  |p 005200019290  |q 005200019290  |t BK  |y 0 
901 |a BIBL2-1999-3 
909 |a Χ  |b 070730 
922 |a 2ΕΛΗ  |b 199911  |c ΤΝΕΥ  |d ΠΑΠΑΣΩΤΗΡΙΟΥ 
950 |a 125-1999-07-15 
970 |a ΣΠΕΝΤΖΑ  |b ΕΛΕΝΗ  |z 1999/12/10